Statistics for Top 10 American Countries by Coastline

Click here to take the quiz!

General Stats

  • This quiz has been taken 35,252 times
    (35,204 since last reset)
  • The average score is 9 of 10

Answer Stats

KilometersCountry% Correct
137,000Canada
100%
67,100United States
99%
15,600Mexico
99%
31,300Chile
97%
18,700Brazil
97%
5,910Argentina
94%
3,560Colombia
89%
5,750Cuba
88%
5,480Venezuela
86%
3,780Bahamas
56%

Score Distribution

Percentile by Number Answered

Percent of People with Each Score

Your Score History

You have not taken this quiz since the last reset